000 00330nam a22001457a 4500
008 230626b ||||| |||| 00| 0 eng d
020 _a9780824746223
041 _aeng
080 _2SECOND EDITION
_a618
082 _a618JON
100 _a15
101 _aGYN
245 _aLAPAROSCOPIC SURGERY
_cJONES .B .D
942 _2udc
_cBK
999 _c60046
_d60046